Statystyki dla Piłka nożna quiz #49 - Najwięcej występów w reprezentacji Włoch

Kliknij tutaj aby rozwiązać quiz!

Ogólne statystyki

  • Ten quiz został rozwiązany 75 razy
  • Średni wynik to 6 z 10

Statystyki odpowiedzi

MiejsceZawodnikLata gryMeczeBramki% Poprawnych
1Gianluigi Buffon1997–20181760
92%
3Paolo Maldini1988–20021267
83%
2Fabio Cannavaro1997–20101362
74%
6Giorgio Chiellini2004–20221178
72%
7Andrea Pirlo2002–201511613
69%
4Leonardo Bonucci2010–obecnie1218
67%
5Daniele De Rossi2004–201711721
42%
9Gianluca Zambrotta1999–2010982
31%
8Dino Zoff1968–19831120
29%
10Giacinto Facchetti1963–1977943
0%

Rozkład punktacji

Percentyl według liczby udzielonych odpowiedzi

Procent ludzi z każdym wynikiem

Twoja historia wyników

Nie rozwiązałeś tego quizu